| 000 | 00964cam a2200301 i 4500 | ||
|---|---|---|---|
| 001 | 18300606 | ||
| 003 | OSt | ||
| 005 | 20180116192431.0 | ||
| 008 | 140827s2014 enka 000 0 eng | ||
| 010 | _a 2014455067 | ||
| 020 | _a9781907896538 | ||
| 020 | _a1907896538 | ||
| 035 | _a(Uk-RwCLS)uk26812361 | ||
| 040 |
_aDLC _beng _cDLC _erda |
||
| 042 | _apcc | ||
| 050 | 0 | 0 |
_aNA687 _b.L58 2014 |
| 082 | _a724.7 | ||
| 245 | 0 | 0 |
_aLittle worlds / _cDiploma 9 ; edited by Natasha Sandmeier. |
| 260 |
_alondon: _bAA publication; _c2014. |
||
| 300 |
_a271 pages : _bchiefly color illustrations ; _c31 cm. |
||
| 490 | 0 | _aAA agendas | |
| 650 | 0 |
_aArchitecture, Modern _y20th century. _98313 |
|
| 700 | 1 |
_aSandmeier, Natasha, _eeditor. _98312 |
|
| 710 | 2 |
_aArchitectural Association (Great Britain) _bDiploma 9. _98311 |
|
| 906 |
_a7 _bcbc _corigres _d3 _encip _f20 _gy-gencatlg |
||
| 942 |
_2ddc _cBK |
||
| 999 |
_c354130 _d354130 |
||